| 000 | 00780 a2200205 4500 | ||
|---|---|---|---|
| 999 |
_c10858 _d10858 |
||
| 020 | _a9789186910570 | ||
| 050 |
_aKTZ171.2 _bSEL 2022 |
||
| 100 |
_aMoyo, Admark, _eeditor. |
||
| 245 |
_aSelected aspects of the 2013 Zimbabwean constitution and the declaration of rights / _cedited by Admark Moyo. |
||
| 250 | _aSecond revised edition. | ||
| 264 |
_aLund, Sweden : _bRaoul Wallenberg institute of human rights and humanitarian law, _c2022. |
||
| 300 | _aix, 504 pages ; | ||
| 336 |
_2rdacontent _atext _btxt |
||
| 337 |
_2rdamedia _aunmediated _bn |
||
| 338 |
_2rdacarrier _avolume _bnc |
||
| 650 | _aConstitution. | ||
| 651 | _aZimbabwe. | ||
| 710 | _aRaoul Wallenberg institute of human rights and humanitarian law. | ||
| 942 |
_2lcc _cBK _eSecond revised edition _h171.2 _iSEL _kKTZ |
||